Wszystkie gole reprezentacji Polski - eliminacje Euro 2024 - Statystyki

Ogólne statystyki
  • Ten quiz został rozwiązany 82 razy
  • Średni wynik to 12 z 14
Statystyki odpowiedzi
Odpowiedź % Poprawnych
Robert Lewandowski
97%
Robert Lewandowski
97%
Robert Lewandowski
97%
Karol Świderski
92%
Karol Świderski
92%
Damian Szymański
85%
Sebastian Szymański
85%
Sebastian Szymański
85%
Arkadiusz Milik
83%
Piotr Zieliński
80%
Adam Buksa
73%
Jakub Piotrowski
66%
Jakub Piotrowski
66%
Przemysław Frankowski
56%
Nie znaleziono quizów pasujących do podanych kryteriów
Rozkład punktacji
Procent ludzi z każdym wynikiem
Percentyl według liczby udzielonych odpowiedzi
Twoja historia wyników
Nie rozwiązałeś tego quizu